[Event "MCR mladeze 2019 - H16"]
[Site "Kouty nad Desnou"]
[Date "2019.03.13"]
[Round "6"]
[White "Vorisek, Jakub"]
[Black "Nytra, Ondrej"]
[Result "1/2-1/2"]
[WhiteElo "2077"]
[BlackElo "1998"]
[EventDate "2019.03.09"]

1. e4  e5  2. Nf3  Nc6
3. Bb5  a6  4. Bxc6
dxc6  5. d4  exd4
6. Qxd4  Qxd4  7. Nxd4
c5  8. Ne2  Bd7
9. Nbc3  O-O-O  10. Be3  b6
11. O-O  Ne7  12. Rad1 h6
13. f4  f6  14. f5
Nc6  15. Bf4  Re8
16. Nd5  Ne5  17. Bxe5
Rxe5  18. Ng3  Be8
19. c4  Bf7  20. b3
Kb7  21. Kf2  Bd6
22. Kf3  Rd8  23. Nf4
Ree8  24. Ngh5  Rg8
25. g3  Kc6  26. Ng6
b5  27. cxb5+  axb5
28. Nhf4  c4  29. Ne6
Bxe6  30. fxe6  Rge8
31. bxc4  bxc4  32. e7
Ra8  33. Rd4  Ra3+
34. Kg4  Rc3  35. Rfd1
Bxe7  36. e5  Bc5
37. exf6  gxf6  38. Rf4
Re6  39. h4  Bd6
40. Rfd4  Kc5  41. Kf5
Re2  42. Nf4  Rf2
43. Kg4  Rxa2  44. Ne6+
Kb4  45. Rb1+  Rb3
46. Rc1  Rc3  47. Rb1+
Ka4  48. Kh5 1/2-1/2

[Event "MCR mladeze 2019 - H16"]
[Site "Kouty nad Desnou"]
[Date "2019.03.13"]
[Round "6"]
[White "Glozar, Petr"]
[Black "Hurtik, Matej"]
[Result "1/2-1/2"]
[WhiteElo "1883"]
[BlackElo "1959"]
[EventDate "2019.03.09"]

1. d4  Nf6  2. c4  c5
3. d5  e5  4. Nc3
d6  5. e4  Be7
6. Be2  O-O  7. Nf3  a6
8. h4  Ne8  9. g3
f5  10. Ng5  Nc7
11. Bd3  h6  12. exf5
Bxf5  13. Bxf5  Rxf5
14. Qd3  Qf8  15. g4
hxg5  16. Qxf5  Qxf5
17. gxf5  gxh4  18. Ne4
b5  19. b3  Kf7
20. Bg5  Nd7  21. Bxe7  Kxe7
22. Rxh4  Rf8  23. Rg4
Ne8  24. Rg6  Rh8
25. Ke2  Nf8  26. Rg5
Rh4  27. Ke3  b4
28. a3  Nh7  29. Rg2
Nhf6  30. Nxf6  Nxf6
31. f3  e4  32. axb4
Rh3  33. Rxg7+  Kf8
34. Rg6  Rxf3+  35. Ke2
Nh5  36. Rxd6  Ng3+
37. Kd2  Rf2+  38. Kc3
Ne2+  39. Kb2  Nd4+
40. Kb1  Rf1+  1/2-1/2

[Event "MCR mladeze 2019 - H16"]
[Site "Kouty nad Desnou"]
[Date "2019.03.13"]
[Round "6"]
[White "Travnicek, Krystof Mikulas"]
[Black "Tajovsky, Matej"]
[Result "1-0"]
[WhiteElo "1968"]
[BlackElo "1810"]
[EventDate "2019.03.09"]

1. d4  Nf6  2. Nf3  d5
3. c4  e6  4. Nc3
Nbd7  5. Bg5  Be7
6. cxd5  exd5  7. e3
O-O  8. Bd3  c6
9. Qc2  Re8  10. O-O  Nf8
11. Rab1  a5  12. a3
Ng6  13. b4  axb4
14. axb4  Ne4  15. Bxe7
Qxe7  16. b5  Bg4
17. Bxe4  dxe4  18. Nd2
f5  19. bxc6  bxc6
20. Qb3+  Kh8  21. Qb7
Qg5  22. Kh1  Nh4
23. Rg1  Qg6  24. Rb6
Ra1  25. Qxc6  Rxg1+
26. Kxg1  Qh5  27. Qc7
Rg8  28. d5  Qg5
29. d6  Nxg2  30. Qe7
Qg6  31. Nc4  Bh3
32. Ne5  1-0

[Event "MCR mladeze 2019 - H16"]
[Site "Kouty nad Desnou"]
[Date "2019.03.13"]
[Round "6"]
[White "Kubice, Jakub"]
[Black "Zeman, Daniel"]
[Result "1/2-1/2"]
[WhiteElo "1605"]
[BlackElo "1804"]
[EventDate "2019.03.09"]

1. Nf3  Nf6  2. g3  g6
3. b3  Bg7  4. Bb2
O-O  5. Bg2  d6
6. d4  Nbd7  7. O-O e5 8. dxe5
Ng4  9. Nbd2  Ngxe5  10. Nxe5
Nxe5 11. Rb1 d5  12. Nf3  Nxf3+
13. exf3  d4  14. f4
Rb8  15. Re1  c5
16. Rc1  b5  17. Ba3
Qb6  18. Rb1  Rd8
19. Qf3  Bb7  20. Qd3
Ba6  21. Qe4  b4
22. Bb2  Bb5 23. a4 Bd7  24. Qd3
Rbc8  25. Rbd1  Be6
26. Bf1  c4  27. bxc4
Bxc4  28. Qxc4  Rxc4
29. Bxc4  Qc6  30. Bb3
Bf6  31. Rd3  h5
32. h4 Kf8  33. Re2  Qc5
34. Re4  Qf5  35. Re1
Qd7  36. Red1  Qd6
37. R3d2  Qb6  38. Rd3
Rd7  39. Re1  Re7
40. Red1  Rd7  41. Re1
Qd8  42. Red1  Rd6
43. Re1  Qd7  44. Re4
a5  45. Ba1  Qd8
1/2-1/2

[Event "MCR mladeze 2019 - FIDE Open"]
[Site "Kouty nad Desnou"]
[Date "2019.03.13"]
[Round "6"]
[White "Langner, Ladislav"]
[Black "Hanl, Frantisek"]
[Result "1-0"]
[WhiteElo "2382"]
[BlackElo "2137"]
[EventDate "2019.03.09"]

1. e4  c6  2. d4  d5
3. e5  Bf5  4. Nd2
e6  5. Nb3  Nd7
6. Nf3  Ne7  7. Be2  h6
8. O-O  Bh7  9. a4
Ng6  10. a5  Be7
11. Ne1  O-O  12. g3
c5  13. f4  cxd4
14. Nf3  d3  15. cxd3
Re8  16. Be3  Bf8
17. a6  b6  18. Nbd4
Rc8  19. Qa4  Nc5
20. Qb5  Ne7  21. b4
Nd7  22. Rfc1  Nb8
23. Bd1  Rxc1  24. Rxc1
Nc8  25. Ba4  Re7
26. Nc6  Nxc6  27. Qxc6
Bxd3  28. Qxc8  Qxc8
29. Rxc8  Bxa6  30. Ra8
Rc7  31. Nd4  Rc3
32. Kf2  Bc4  33. f5
Ra3  34. fxe6  fxe6
35. Bd7  Ra2+  36. Kf3
Kf7  37. Be8+  Kg8
38. Bg6  Rxh2  39. Nxe6 1-0

[Event "MCR mladeze 2019 - FIDE Open"]
[Site "Kouty nad Desnou"]
[Date "2019.03.13"]
[Round "6"]
[White "Sikorova, Olga"]
[Black "Londin, Simon"]
[Result "1-0"]
[WhiteElo "2241"]
[BlackElo "2125"]
[EventDate "2019.03.09"]

1. c4  e5  2. g3  Nc6
3. Bg2  f5  4. Nc3
Nf6  5. d3  Bb4
6. e3  Bxc3+  7. bxc3  O-O
8. Ne2  d6  9. Qb3
Na5  10. Qa4  c5
11. Rb1  Rb8  12. O-O
Bd7  13. Qc2  Kh8
14. f3  Qe8  15. Bd2
Ba4  16. Qc1  b6
17. e4  Qh5  18. g4
fxg4  19. f4  Qe8
20. Ng3  Rd8  21. Rb2
Nd7  22. f5  Nf6
23. h3  gxh3  24. Bxh3
h6  25. Bxh6  gxh6
26. Qxh6+  Kg8  27. Rg2
Kf7  28. Nh5  1-0

[Event "MCR mladeze 2019 - FIDE Open"]
[Site "Kouty nad Desnou"]
[Date "2019.03.13"]
[Round "6"]
[White "Bochnicka, Vladimir"]
[Black "Bares, Jachym"]
[Result "1/2-1/2"]
[WhiteElo "2149"]
[BlackElo "2022"]
[EventDate "2019.03.09"]

1. e4  e5  2. Nf3  Nc6
3. Bc4  Nf6  4. d3
Bc5  5. c3  d6
6. Nbd2  a6  7. Bb3  Ba7
8. Nf1  O-O  9. Ng3
h6  10. O-O  Ne7
11. h3  Ng6  12. Re1
Be6  13. d4  Qe7
14. Nf5  Qd7  15. N3h4
Nxh4  16. Nxh4  Rad8
17. Qf3  Bxb3  18. axb3
Nh7  19. Qg3  Kh8
20. Nf5  f6  21. h4
d5  22. dxe5  fxe5
23. Rd1  Qf7  24. Be3
Bxe3  25. fxe3  Nf6
26. Rf1  Nxe4  27. Qxe5
Rde8  28. Qd4  c5
29. Qd3  Qe6  30. g4
Qg6  31. Kh2  Qxg4
32. Rf4  Qh5  33. Qf1
Rf6  34. Qh3  Qe2+
35. Qg2  Qxg2+  36. Kxg2
Ref8  37. Raf1  Nd2
38. Rd1  Rxf5  39. Rxf5
Rxf5  40. Rxd2  Kg8
41. c4  dxc4  42. bxc4
b5  43. Rd6  Rf6
44. Rd5  Rc6  45. cxb5
axb5  46. Kf3  Kf7
47. e4  Ke6  48. Kf4
b4  49. Re5+  Kf7
50. Ke3  c4  51. Kd2
c3+  52. bxc3  bxc3+ 53. Kc2 g6
54. Rd5  Kf6  55. Rb5
g5  56. Rf5+  Kg6
57. hxg5  hxg5  58. Rf3
g4  59. Rf5  Re6
60. Kd3  c2  61. Rc5
Kf6  1/2-1/2

[Event "MCR mladeze 2019 - FIDE Open"]
[Site "Kouty nad Desnou"]
[Date "2019.03.13"]
[Round "6"]
[White "Kubicek, Antonin"]
[Black "Pycha, Patrik"]
[Result "1/2-1/2"]
[WhiteElo "2111"]
[BlackElo "2027"]
[EventDate "2019.03.09"]

1. c4  e5  2. Nc3  Nc6
3. g3  g6  4. Bg2
Bg7  5. Rb1  Nge7
6. b4  a6  7. e3
Rb8  8. b5  axb5
9. Nxb5  b6  10. Ne2
O-O  11. Nec3  Bb7
12. Nd5  Nxd5  13. cxd5
Na5  14. Ba3  Re8
15. Qc2  c5  16. dxc6
Bxc6  17. O-O  Bxg2
18. Kxg2  Rc8  19. Qd3
e4  20. Qe2  Nc4
21. Bb4  Re5  22. Bc3
Rec5  23. Bxg7  Kxg7
24. d3  exd3  25. Qxd3
d5  26. Rfd1  Qf6
27. Qd4  Ne5  28. Qf4
Qxf4  29. gxf4  Nc4
30. Rb3  Ra8  31. Nc3
Raa5  1/2-1/2

[Event "MCR mladeze 2019 - FIDE Open"]
[Site "Kouty nad Desnou"]
[Date "2019.03.13"]
[Round "6"]
[White "Skalka, Jan"]
[Black "Lorenc, Tomas"]
[Result "0-1"]
[WhiteElo "1904"]
[BlackElo "2173"]
[EventDate "2019.03.09"]

1. e4  Nc6  2. d4  d5
3. exd5  Qxd5  4. Nf3
e5  5. c4  Qe4+
6. Be3  exd4  7. Nxd4  Bg4
8. Nc3  Bb4  9. Qa4
Bxc3+  10. bxc3  Rd8
11. Qb5  Nge7  12. Qg5
Nxd4  13. cxd4  Nf5
14. d5  O-O  15. h3
Nxe3  16. fxe3  Qc2
17. Qe5  Rfe8  18. Qd4
Bh5  19. Bd3  Qxg2
20. Rf1  c5  21. Qf4
Qb2  0-1

[Event "MCR mladeze 2019 - FIDE Open"]
[Site "Kouty nad Desnou"]
[Date "2019.03.13"]
[Round "6"]
[White "Malinovsky, Petr"]
[Black "Lajbl, Jan"]
[Result "1/2-1/2"]
[WhiteElo "2007"]
[BlackElo "1966"]
[EventDate "2019.03.09"]

1. d4  d5  2. c4  e6
3. Nc3  c6  4. e4
Bb4  5. Bd2  dxc4
6. Bxc4  Qxd4  7. Qe2
Nf6  8. Nf3  Qd8
9. Rd1  Qe7  10. a3
Bxc3  11. Bxc3  Nbd7
12. e5  Nd5  13. Bd2
h6  14. Bd3  Nc5
15. Bc4  O-O  16. O-O
Rd8  17. b4  Nd7
18. Nd4  a6  19. Rfe1
c5  20. Nb3  b6
1/2-1/2

[Event "MCR mladeze 2019 - FIDE Open"]
[Site "Kouty nad Desnou"]
[Date "2019.03.13"]
[Round "6"]
[White "Balin, Daniel"]
[Black "Kupsa, Matej"]
[Result "1/2-1/2"]
[WhiteElo "1811"]
[BlackElo "1987"]
[EventDate "2019.03.09"]

1. d4  d5  2. Nf3  Bg4
3. Ne5  Bf5  4. Bf4
c6  5. e3  Nd7
6. Be2  Nxe5  7. Bxe5  Nf6
8. O-O  Nd7  9. Bg3
g6  10. c4  Bxb1
11. Rxb1  e6  12. cxd5
exd5  13. b4  b5
14. Qc2  Rc8  15. Rfc1
Nb6  16. a4  a6
17. axb5  axb5  18. Qc3  Be7
19. Ra1  O-O  20. Ra7
Bd6  21. Rca1  Na4
22. Qd2  Bxg3  23. hxg3
Qd6  24. Bd1  Ra8
25. Rxa8  Rxa8  26. Bxa4
bxa4  27. Qc3  Ra6
28. Qd3  1/2-1/2

[Event "MCR mladeze 2019 - FIDE Open"]
[Site "Kouty nad Desnou"]
[Date "2019.03.13"]
[Round "6"]
[White "Vlkova, Anezka"]
[Black "Nagy, Ladislav"]
[Result "0-1"]
[WhiteElo "1951"]
[BlackElo "1923"]
[EventDate "2019.03.09"]

1. e4 c5  2. Nc3  Nc6  3. g3
g6  4. Bg2  Bg7
5. d3  d6  6. Nge2  e6
7. O-O  Nge7  8. Bg5
O-O  9. Qd2  Nd4
10. Rab1  e5  11. b4
b6  12. Nd5  f6
13. Nxe7+  Qxe7  14. Be3  Bg4
15. Bxd4  cxd4  16. f3
Be6  17. c4  dxc3
18. Nxc3  Rfc8  19. Rfc1
Qf8  20. a4  Bh6
21. f4  g5  22. Ne2
gxf4  23. gxf4  Rxc1+
24. Rxc1  Rc8  25. d4
Rxc1+  26. Qxc1  Bg4
27. Qc4+  Qf7  28. d5
exf4  29. Nd4  Qe8
30. h3  Bd7  31. Nc6
Qh5  32. Qc3  Qd1+
33. Kh2  Bg7  34. Ne7+
Kf7  35. Nc8  Bxc8
36. Qxc8  Bf8  37. Qe6+
Kg7  38. a5  bxa5
39. bxa5  Qe2  40. Qd7+
Kg8  41. Qxa7  Qe1
42. a6  f3  43. Bxf3
Bh6  44. Qa8+  Kg7
45. Qb7+  Kg6  46. Bh5+
Kxh5  47. Qf7+  Kh4
48. Qxf6+  Bg5  49. Qf3
Qd2+  50. Kh1  h5
51. a7  Be3  52. Qf1
Bxa7  53. Qf6+  Qg5
54. Qf1  Be3  55. Qe1+
Qg3  56. Qf1  Qxh3+
57. Qxh3+  Kxh3  58. e5
dxe5  59. d6  Bg5
0-1

[Event "MCR mladeze 2019 - FIDE Open"]
[Site "Kouty nad Desnou"]
[Date "2019.03.13"]
[Round "6"]
[White "Janik, Marek Tobias"]
[Black "Cibikova, Sofia Anna"]
[Result "0-1"]
[WhiteElo "1676"]
[BlackElo "1812"]
[EventDate "2019.03.09"]

1. c4  e5  2. Nc3  Nf6
3. Nf3  Nc6  4. g3
d5  5. cxd5  Nxd5
6. Bg2  Nb6  7. O-O
Be7  8. a3  a5
9. d3  O-O  10. Be3  Be6
11. Na4  Nd5  12. Bc5
f6  13. Rc1  Rb8
14. Qd2  Bd6  15. Rc2
Qd7  16. Rfc1  Nde7
17. Bxd6  cxd6  18. Nb6
Qd8  19. Nc4  d5
20. Ne3  d4  21. Nf1
Qd6  22. Qe1  Bb3
23. Rd2  b5  24. e3
Rfe8  25. exd4  Nxd4
26. Nxd4  Qxd4  27. Re2
b4  28. axb4  axb4
29. Qd2  Rec8  30. Re4
Qb6  31. Rxc8+  Nxc8
32. Qe3  Nd6  33. Qxb6
Rxb6  34. Re3  Nf5
35. Re1  Nd4  36. Ne3
Ra6  37. Bd5+  Bxd5
38. Nxd5  Nf3+  0-1

[Event "MCR mladeze 2019 - FIDE Open"]
[Site "Kouty nad Desnou"]
[Date "2019.03.13"]
[Round "6"]
[White "Dejmal, Ondrej"]
[Black "Klubal, Jiri"]
[Result "1/2-1/2"]
[WhiteElo "1557"]
[BlackElo "1791"]
[EventDate "2019.03.09"]

1. d4  Nf6  2. c4  g6
3. Nc3  Bg7  4. g3
O-O  5. Bg2  d6
6. e3  Nc6  7. Nge2  a6
8. O-O  Re8  9. a3
a5  10. b3  e5
11. Bb2  exd4  12. exd4  Rb8
13. Qd2  Bf5  14. Rfe1
Qd7  15. Rac1 1/2-1/2

[Event "MCR mladeze 2019 - FIDE Open"]
[Site "Kouty nad Desnou"]
[Date "2019.03.13"]
[Round "6"]
[White "Kanka, Matej"]
[Black "Novotna, Tereza"]
[Result "0-1"]
[WhiteElo "1975"]
[BlackElo "1846"]
[EventDate "2019.03.09"]

1. d4  Nf6  2. Nf3  d5
3. e3  b6  4. Bd3
Bb7  5. O-O  e6
6. Ne5  Nbd7  7. f4  c5
8. c3  c4  9. Bc2
b5  10. f5  Qc7
11. fxe6  Nxe5  12. dxe5  Qxe5
13. exf7+  Kxf7  14. Kh1
Bd6  15. Rf4  g5
16. Qh5+  Kg7  17. Rxf6
Qxf6  18. Nd2  Qh6
0-1

[Event "MCR mladeze 2019 - FIDE Open"]
[Site "Kouty nad Desnou"]
[Date "2019.03.13"]
[Round "6"]
[White "Gemsa, Pavel"]
[Black "Stastny, Jakub"]
[Result "1/2-1/2"]
[WhiteElo "1884"]
[BlackElo "1785"]
[EventDate "2019.03.09"]

1. e4  e6  2. d4  d5
3. Nd2  dxe4  4. Nxe4
Nd7  5. Nf3  Ngf6
6. Ng3  Be7  7. Bd3
O-O  8. O-O  c5
9. c3  b6  10. Ne5  Bb7
11. Qe2  cxd4  12. cxd4
Nd5  13. Bd2  N7f6
14. Ne4  Rc8  15. Rac1
Rxc1  16. Rxc1  Qa8
17. f3  h6  18. Bb1
Rd8  19. Bc3  a6
20. Qc2  Nxe4  21. fxe4
Nf4  22. Rf1  f6
23. Nc4  b5  24. Rxf4
bxc4  25. Rg4  Qc8
26. e5  f5  27. Rg3
Qc6  28. Qe2  Bg5
1/2-1/2

[Event "MCR mladeze 2019 - FIDE Open"]
[Site "Kouty nad Desnou"]
[Date "2019.03.13"]
[Round "6"]
[White "Broz, Petr"]
[Black "Vaculik, Martin"]
[Result "0-1"]
[WhiteElo "1883"]
[BlackElo "1562"]
[EventDate "2019.03.09"]

1. e4  c5  2. b4  cxb4
3. a3  d5  4. exd5
Nf6  5. axb4  Nxd5
6. c4  Nxb4  7. Qb3
N8c6  8. Ra4  Nd4
9. Qc3  Ndc2+  10. Kd1
e6  11. c5  a5
12. Nf3  Bd7  13. Rxb4  Nxb4
14. Bc4  Ba4+  15. Ke2
Nd5  16. Qe5  Qf6
17. Bxd5  Qxe5+  18. Nxe5
exd5  19. Nc3  Bc6
20. d4  Be7  21. Bf4 O-O
22. Rb1  Bf6  23. Nxc6
bxc6  24. Kd3  a4
25. Rb6  a3  26. Na2
Rfc8  27. Rb4  Bd8
28. Rb7  Ra4  29. Bd2
Bf6  30. Be3  h5
31. Rb6  Ra5  32. Bd2
Rb5  33. Rxb5 cxb5  34. Nb4
Ra8  35. Bc3  a2
36. Ba1  Ra4  37. Nxd5
Rxd4+  38. Bxd4  Bxd4
39. c6  Be5  0-1

[Event "MCR mladeze 2019 - FIDE Open"]
[Site "Kouty nad Desnou"]
[Date "2019.03.13"]
[Round "6"]
[White "Sojma, Zdenek"]
[Black "Jerabkova, Julia"]
[Result "0-1"]
[WhiteElo "1841"]
[BlackElo "1695"]
[EventDate "2019.03.09"]

1. e4  c6  2. d4  d5
3. exd5  cxd5  4. Bd3
Nf6  5. c3  Nc6
6. Bf4  e6  7. Nf3  Bd6
8. Bxd6  Qxd6  9. O-O
O-O  10. Re1  Bd7
11. Nbd2  Rab8  12. Ne5
Rfc8  13. Ndf3  Na5
14. Ng5  Be8  15. Ng4
Ne4  16. Bxe4  dxe4
17. Nxe4  Qb6  18. b4
Nc4  19. Ne3  Qd8
20. Qb3  Nxe3  21. Rxe3
Bc6  22. Rc1  Bd5
23. Qb2  b6  24. Nd2
Bc4  25. a4  Rc7
26. Ra1  Rbc8  27. a5
Bb5  28. axb6  axb6
29. h3  Qd7  30. Ra3
h6  31. Re1  Qd5
32. Re5  Qd7  33. Nf1
Qc6  34. Re1  Qb7
35. Ne3  Rc6  36. Rc1
Qc7  37. Qb3  Bc4
38. Qb2  Bb5  39. Qd2
Bc4  40. Ng4  f6
41. Ne3  Bb5  42. Nd1
Rc4  43. Rca1  Qd8
44. Qe3  Qd5  45. Qg3
Qg5  46. Qxg5  hxg5
47. f3  R4c6  48. Kf2
Kf7  49. Ra8  Kg6
50. Rxc8  Rxc8  51. Ra7
f5  52. g3  Kf6
53. Rb7  Rc6  54. f4  gxf4
55. gxf4  Ba4  56. Ne3
Bb3  57. h4  Rxc3
58. Rxb6  Rd3  59. d5
Bxd5  60. Nxd5+  Rxd5
61. Ke3  Rd8  62. b5
Rh8  63. Rb8  Rxb8
0-1

[Event "MCR mladeze 2019 - FIDE Open"]
[Site "Kouty nad Desnou"]
[Date "2019.03.13"]
[Round "6"]
[White "Urbanova, Daniela"]
[Black "Cipl, Jan"]
[Result "1/2-1/2"]
[WhiteElo "1786"]
[BlackElo "1626"]
[EventDate "2019.03.09"]

1. e4  e5  2. Nf3  Nc6
3. Bb5  f5  4. d3
Nf6  5. O-O  Bc5
6. c3  fxe4  7. dxe4
d6  8. Qd3  O-O
9. Qc4+  Kh8  10. b4  Bb6
11. Bxc6  bxc6  12. Qxc6
Bd7  13. Qc4  Qe8
14. Qe2  Bg4  15. Nbd2
Qg6  16. a4  a6
17. Kh1  d5  18. Qe1  Bxf3
19. Nxf3  Ng4  20. Be3
Nxe3  21. fxe3  Qxe4
22. Qg3  Rae8  23. Rae1
Qd3 24. h3  h6  25. Rd1
Qxc3  26. Nh4  Rxf1+
27. Rxf1  Qxe3  28. Qxe3
Bxe3  29. Re1  d4
30. Nf5  Bd2  31. Re2
Bc3  32. Kg1  d3
33. Rf2  d2  34. Rf1
e4  35. Ne3  Bd4
36. Kf2  Rd8  37. Rd1
Bc3  38. b5  axb5
39. axb5  Rb8  40. Nd5
Bd4+  41. Ke2  Rxb5
42. Nxc7  Rb7  43. Rxd2
Rxc7  44. Rxd4  Rc2+
45. Rd2  Rc3  46. Rd4
1/2-1/2

[Event "MCR mladeze 2019 - FIDE Open"]
[Site "Kouty nad Desnou"]
[Date "2019.03.13"]
[Round "6"]
[White "Janouch, Jachym Stepan"]
[Black "Stocek, Martin"]
[Result "1-0"]
[WhiteElo "1675"]
[BlackElo "1704"]
[EventDate "2019.03.09"]

1. e4  c6  2. d4  d5
3. f3  dxe4  4. fxe4
e5  5. Nf3  Bg4
6. Bc4  f6  7. c3  Nd7
8. Qb3  Nh6  9. Bxh6
gxh6  10. Bf7+  Ke7
11. h3  Qc7  12. hxg4
Bg7  13. Bh5  Rhf8
14. O-O  a5  15. a4
Rab8  16. Nbd2  b5
17. axb5  Rxb5  18. Qa3+
Kd8  19. Nc4  a4
20. Qxa4  Nb6  21. Nxb6
Qxb6  22. Qa7  Qxa7
23. Rxa7  Bh8  24. Rfa1
Rb8  25. Rxh7  exd4
26. Raa7  dxc3  27. Rhd7+
1-0

[Event "MCR mladeze 2019 - FIDE Open"]
[Site "Kouty nad Desnou"]
[Date "2019.03.13"]
[Round "6"]
[White "Rakovsky, Jakub"]
[Black "Hradek, Matyas"]
[Result "0-1"]
[WhiteElo "1727"]
[BlackElo "1477"]
[EventDate "2019.03.09"]

1. e4  d6  2. d4  Nf6
3. Nc3  g6  4. Bg5
Bg7  5. Qd2  Nbd7
6. f4  c5  7. Nf3
cxd4  8. Qxd4  O-O
9. e5  Ng4  10. Nd5
dxe5  11. fxe5  Ngxe5
12. Nxe5  Bxe5  13. Qb4
Bd6  14. Qd4  Be5
15. Nxe7+  Qxe7  16. Bxe7
Bxd4  17. Bxf8  Kxf8
18. O-O-O  Bf6  19. Bb5
Nb6  20. Rhf1  Bg5+
21. Kb1  Be6  22. b3
Nd5  23. Rd3  Rc8
24. Bd7  Bxd7  25. Rxd5
Bf5  26. g4  Bxc2+
27. Kb2  Bh6  28. Rd7
Bg7+  29. Ka3  f5
30. Rxb7  a6  31. h3
Be4  32. Ra7  Kg8
33. gxf5  Bf8+  34. Ka4
Rc5  35. fxg6  Bc6+
36. Kb4  Rf5+  37. Kc3
Rxf1  38. gxh7+  Kh8
39. Rxa6  Be4  40. a4
Bxh7  41. Ra8  Rf3+
42. Kb2  Bg8  43. a5
Rxb3+  44. Kc2  Rf3
45. Rc8  Bb4  46. a6
Ra3  47. Rb8  Bc5
48. Rc8  Bb6  49. Ra8
Kg7  50. Kb2  Ra5
51. Kc3  Bd5  52. Rb8
Rxa6  53. Kb4  Bf2
54. Rd8  Be6  55. Kc3
Bxh3  56. Kd3  Bg3
57. Ke2  Bg4+  58. Kf1
Ra2  59. Rd5  Bh3+
60. Kg1  Ra1+  0-1

[Event "MCR mladeze 2019 - D10"]
[Site "Kouty nad Desnou"]
[Date "2019.03.14"]
[Round "7"]
[White "Zadrapova, Amalie"]
[Black "Barteckova, Valerie"]
[Result "1-0"]
[WhiteElo "1317"]
[BlackElo "1159"]
[EventDate "2019.03.09"]

1. e4  e5  2. Nf3  Nc6
3. Bb5  a6  4. Ba4
Nf6  5. d3  Bd6
6. O-O  O-O  7. c3  Re8
8. Nbd2  Bc5  9. Re1
b5  10. Bc2  d6
11. Nf1  b4  12. h3  d5
13. Bg5  d4  14. c4
Be7  15. Ng3  h6
16. Bxf6  Bxf6  17. Nf5
Bxf5  18. exf5  Qd6
19. Ba4  Re7  20. Nd2
Nb8  21. Ne4  Qb6
22. c5  Qb7  23. Nxf6+
gxf6  24. Qg4+  Kh7
25. Qh4 Nc6  26. Qxf6  Na5
27. Qxe7  Rg8  28. g3
Qf3  29. Rxe5  Rxg3+
30. fxg3  Qxg3+  31. Kf1
Qxh3+  32. Ke1  Qg3+
33. Kd2  Qf4+  34. Kc2
Qf2+  35. Re2  Qxf5
36. Qe4  Qxe4  37. dxe4
Kg6  38. Rg1+ Kh7  39. Reg2
h5  40. Rg7+  Kh8
41. R7g5  Kh7  42. Rxh5# 1-0

[Event "MCR mladeze 2019 - D10"]
[Site "Kouty nad Desnou"]
[Date "2019.03.14"]
[Round "7"]
[White "Buchtova, Viktorie"]
[Black "Horkova, Tereza"]
[Result "0-1"]
[WhiteElo "1233"]
[BlackElo "1346"]
[EventDate "2019.03.09"]

1. e4  e5  2. Nf3  Nc6
3. d4  exd4  4. c3
dxc3  5. Nxc3  Bb4
6. Bc4  Nf6  7. e5
Ne4  8. Qb3  O-O
9. O-O  Nc5  10. Qc2
Bxc3  11. bxc3  d5
12. Bb5  Bg4  13. Ba3
Bxf3  14. gxf3  Ne6
15. Bxf8  Qg5+  16. Kh1
Nf4  17. Rg1  Qh5
18. Rxg7+  Kxf8  19. Qxh7
Qxf3+  20. Kg1  Nh3+
21. Qxh3  Qxh3  22. Rg3
Qf5  23. Bd3  Qxe5
24. Rc1  Re8  25. Kf1
d4  26. Bh7  Qd5
27. Rg8+  Ke7  28. Re1+
Ne5  29. Rxe8+  Kxe8
30. f4  Qh1+  31. Ke2
Qxh2+  32. Kd1  Qxh7
33. Rxe5+  Kf8  34. cxd4
Qd3+  35. Ke1  Qxd4
36. Rh5  Qxf4  37. a3
Qg3+  38. Kd2  Qxa3
39. Ke2  Qb4  40. Kf2
a5  41. Kg1  Qd2
42. Rf5  a4  43. Kh1
a3  44. Rf2  Qd5+
45. Kg1  a2  46. Rf1
Qd4+  47. Kh1  a1=R
48. Rxa1  Qxa1+ 0-1

[Event "MCR mladeze 2019 - D10"]
[Site "Kouty nad Desnou"]
[Date "2019.03.14"]
[Round "7"]
[White "Micova, Barbora"]
[Black "Kubatova, Beta"]
[Result "1-0"]
[WhiteElo "1103"]
[BlackElo "1100"]
[EventDate "2019.03.09"]

1. e4  c5  2. Nf3  Nc6
3. Nc3  d6  4. d4
cxd4  5. Nxd4  Nf6
6. Bc4  e6  7. Be3
Be7  8. Qe2  O-O
9. O-O-O  a6  10. Rhg1
Bd7  11. g4  Nxd4
12. Bxd4  b5  13. Bb3
b4  14. Na4  Qc7
15. Kb1  a5  16. g5
Ne8  17. f4  Rb8
18. Qh5  Rb5  19. h4
Bc6  20. e5  d5
21. Qf3  Bb7  22. h5  Qc6
23. g6  h6  24. gxf7+
Rxf7  25. Rg2  Ba6
26. Rdg1  Rb7  27. Rg6
Qc7  28. Rxe6  Bb5
29. Rxh6  Bf8  30. Nb6
a4  31. Bxd5  Rb8
32. Bxf7+  Qxf7  33. Qd5
Qxd5  34. Nxd5 Rd8 35. Nf6+ Nxf6
36. exf6  Rxd4  37. fxg7
Bxg7  38. Rhg6  Rxf4
39. Rxg7+  Kh8  40. h6
Bc6  41. Rg8+  Kh7
42. R8g7+  Kh8  43. b3
a3  44. Rc7  Be4
45. h7  Rf5  46. Rg8# 1-0

[Event "MCR mladeze 2019 - D10"]
[Site "Kouty nad Desnou"]
[Date "2019.03.14"]
[Round "7"]
[White "Ticha, Valerie"]
[Black "Lackova, Ludmila"]
[Result "0-1"]
[WhiteElo "1036"]
[BlackElo "1100"]
[EventDate "2019.03.09"]

1. e4  e5  2. Nf3  Nc6
3. d4  exd4  4. Nxd4
Bc5  5. Be3  Nf6
6. Bd3  Nxd4  7. Bxd4
Bxd4  8. Bc4  Bxb2
9. Qf3  Bxa1  10. c3
O-O  11. O-O  d6
12. h3  Re8  13. Re1
Be6  14. Bd3  Bxc3
15. Nxc3  c6  16. Bc2
Qa5  17. Rd1  Rad8
18. Qd3  g6  19. Qf3
Nd7  20. Qd3  Ne5
21. Qd2  Nc4  22. Qe1
Bf5  23. f3  Bc8
24. Bd3  Nb2  25. Rd2
Qxc3  26. Qe2  Nxd3
27. Rxd3  Qc5+  28. Kh1
Be6  29. Rd1  Qc4
30. Qf2  Qxa2  31. Qg1
Qa5  32. g3  Bxh3
33. Qh2  Bc8  34. g4
Qa3  35. Rf1  b5
36. f4  Rxe4  37. Qh6
Qc3  38. f5  gxf5
39. gxf5  Rg4  40. Rg1
Rxg1+  41. Kxg1  Bxf5
42. Qg5+  Qg7  43. Qxg7+
Kxg7  44. Kg2  Be4+
45. Kf2  b4  46. Ke3
b3  47. Kxe4  Re8+
48. Kf4  b2  49. Kf5
b1=Q+ 50. Kf4  Qe4+  51. Kg3
Qd3+  52. Kf2  Re2+
53. Kf1  Qd1#  0-1

[Event "MCR mladeze 2019 - D10"]
[Site "Kouty nad Desnou"]
[Date "2019.03.14"]
[Round "7"]
[White "Kodetova, Adriana"]
[Black "Svrchokrylova, Ludmila"]
[Result "0-1"]
[WhiteElo "1029"]
[BlackElo "1098"]
[EventDate "2019.03.09"]

1. e4  e5  2. Nc3  Bc5
3. Nf3  Nc6  4. Bb5
d6  5. d4  exd4
6. Nxd4  Bxd4  7. Qxd4 Nf6 8. Bg5
Bd7  9. Qd2  h6
10. Bh4  Qe7  11. O-O-O  O-O-O
12. Rhe1  Rhe8  13. f3
g5  14. Bf2  Nh5
15. Be3  a6  16. Ba4
Qe6  17. Bb3  Qf6
18. Nd5  Qe5  19. h3
Be6  20. c3  Na5
21. Bd4  Qh2  22. Rh1
Qg3  23. Rhg1  Nxb3+
24. axb3  c6  25. Nb6+
Kb8  26. c4  g4
27. Qe2  Nf4  28. Qe3  Nxg2
29. Qd2  gxf3  30. Rdf1
Bxh3  31. Qd3  Qf4+
32. Kb1  Nh4  33. Qc3
Bxf1  34. Rxf1  Qxe4+
35. Ka2  Rg8  36. Bf6
Rde8  37. Bxh4  Qxh4
38. Qxf3  Qg5  39. Qxf7
Rgf8  40. Nd7+  Ka8
41. Nxf8  Re2  42. Ne6
Qe5  43. Rb1  Qa5#
0-1